000 00364nam a2200145Ia 4500
008 240624s9999 xx 000 0 und d
041 _aeng
082 _a658.88 BAG
100 _aBAGCHI S K
245 _aCREDIT RISK MANAGEMENT
250 _a(2nd ed.)
260 _c2006
_aMumbai
_bJaico Publishing House
300 _axiv, : 350 : p. : cm. ; 21
365 _cRS
_b30
999 _c5483
_d5483